Statistics for NeilVedwan Quiz

Click here to take the quiz!

General Stats

  • This quiz has been taken 6 times
    (5 since last reset)
  • The average score is 13 of 29

Answer Stats

Answer% Correct
How many Multiple Choice quizzes do I have?1
100%
How many Tile Select quizzes do I have?2
100%
How many series did I make?15
75%
How many badges do I have?24
75%
How many picture quizzes do I have?6
75%
How many countries have I been to?6
75%
Which level am I in Portuguese?Level 10
75%
Which level am I in Spanish?Level 12
75%
Which level am I in French?Level 14
75%
Which level am I in Finnish?Level 15
75%
Which level am I in Italian?Level 16
75%
Which level am I in Dutch?Level 18
75%
Which level am I in Polish?Level 22
75%
Which level am I in German?Level 20
50%
Which level am I in English?Level 45
50%
What is my last quiz so far?NeilVedwan Quiz
50%
How many quizzes do I have?265
25%
What was my first quiz?puppies by picture
25%
On which quiz did I get my first comment on?puppies by picture
25%
How many quizzes do I have that are not in a series?135
0%
How many times was the quiz taken?142 times
0%
What is my quizmaster rank?1,799
0%
How many text quizzes do I have?256
0%
When did I start my accountAugust 21, 2019
0%
Which quiz that I made has the most answers? (Tie)Ceisneachadh dùthchannan an t-saoghail
0%
What is my most popular quiz?Countries that used to have colonies in africa
0%
When did I post my last quiz so far?May 16, 2020
0%
On which quiz did I get my last comment so far?Scandinavian Peninsula Map Quiz
0%
Which quiz that I made has the least answers?(Tie)The easiest quiz ever
0%

Score Distribution

Percentile by Number Answered

Percent of People with Each Score

Your Score History

You have not taken this quiz since the last reset